Crisis en las humanidades / (Record no. 121858)

MARC details
000 -LEADER
campo de control de longitud fija 00782nam a2200229 i 4500
001 - NÚMERO DE CONTROL
campo de control 121858
003 - IDENTIFICADOR DE NÚMERO DE CONTROL
campo de control ES-MaACL
005 - FECHA Y HORA DE LA ÚLTIMA TRANSACCIÓN
campo de control 20250827235900.0
007 - CAMPO FIJO DE DESCRIPCIÓN FÍSICA--INFORMACIÓN GENERAL
campo de control de longitud fija t|
008 - DATOS DE LONGITUD FIJA--INFORMACIÓN GENERAL
campo de control de longitud fija 070214s1973 sp |||| | spa d
080 ## - NÚMERO DE LA CLASIFICACIÓN DECIMAL UNIVERSAL
Número de la Clasificación Decimal Universal 009:37
245 00 - MENCIÓN DEL TÍTULO
Título Crisis en las humanidades /
Mención de responsabilidad, etc. H. Plumb y la colaboración de M.I. Finley, Ernest Geliner, Alec Vidler ... [et al.] ; [traducción, Miguel Fernández].
260 ## - PUBLICACIÓN, DISTRIBUCIÓN, ETC.
Lugar de publicación, distribución, etc. Barcelona :
Nombre del editor, distribuidor, etc. Planeta,
Fecha de publicación, distribución, etc. 1973.
300 ## - DESCRIPCIÓN FÍSICA
Extensión 204 p. ;
Dimensiones 20 cm.
490 1# - MENCIÓN DE SERIE
Mención de serie Difusión cultural Planeta ;
Designación de volumen o secuencia 4
650 #7 - PUNTO DE ACCESO ADICIONAL DE MATERIA--TÉRMINO DE MATERIA
Término de materia o nombre geográfico como elemento de entrada Humanidades-
Subdivisión general Estudio y enseñanza
Fuente del encabezamiento o término
9 (RLIN) 162252
700 1# - ENTRADA AGREGADA--NOMBRE PERSONAL
Nombre de persona Plumb, J. H.
9 (RLIN) 186541
700 1# - ENTRADA AGREGADA--NOMBRE PERSONAL
Nombre de persona Finley, M. I.
9 (RLIN) 50914
830 0# - PUNTO DE ACCESO ADICIONAL DE SERIE-TÍTULO UNIFORME
Título uniforme Difusión cultural Planeta ;
Designación de volumen o secuencia 4
9 (RLIN) 183332
852 ## - LOCALIZACIÓN
Ubicación ES-MaACL
Número de control de estantería C-55499
Holdings
Estatus retirado Estado de pérdida Estado de daño No para préstamo Biblioteca de origen Biblioteca actual Ubicación en estantería Fecha de adquisición Fuente de adquisición Total de préstamos Signatura topográfica completa Código de barras Visto por última vez Precio de reemplazo Tipo de ítem Koha
        Biblioteca del Ateneo de Madrid Biblioteca del Ateneo de Madrid Depósito 2 17/01/2008     C-55499 1126992 23/02/2023 23/02/2023 Libro impreso